Bundesliga goalscorers 21/22 - Statistics

General Stats
  • This quiz has been taken 220 times
    109 since last reset
  • The average score is 66 of 259
Answer Stats
# Club Goals scored Answer % Correct
1. Bayern München 35 Robert Lewandowski
99%
3. Borussia Dortmund 22 Erling Braut Haaland
94%
2. Bayer Leverkusen 24 Patrick Schick
91%
4. RB Leipzig 20 Christopher Nkunku
89%
7. Bayern München 14 Serge Gnabry
87%
22. Bayern München 8 Thomas Müller
87%
18. Borussia Dortmund 9 Marco Reus
85%
5. 1. FC Köln 20 Anthony Modeste
84%
31. Bayern München 7 Leroy Sané
79%
14. Borussia Mönchengladbach 10 Alassane Plea
74%
11. RB Leipzig 11 André Silva
72%
17. Borussia Dortmund 9 Julian Brandt
68%
32. Bayern München 6 Kingsley Coman
68%
40. TSG 1899 Hoffenheim 6 Andrej Kramarić
64%
109. Bayern München 3 Joshua Kimmich
64%
102. Borussia Mönchengladbach 3 Marcus Thuram
64%
10. VfL Wolfsburg 12 Max Kruse
64%
8. Bayer Leverkusen 13 Moussa Diaby
63%
46. Bayern München 5 Jamal Musiala
61%
28. Bayer Leverkusen 7 Florian Wirtz
60%
87. Bayern München 3 Leon Goretzka
60%
181. Borussia Dortmund 1 Mats Hummels
59%
9. Borussia Mönchengladbach 12 Jonas Hofmann
57%
220. Bayern München 1 Niklas Süle
57%
172. 1. FSV Mainz 05 2 Stefan Bell
57%
34. RB Leipzig 6 Yussuf Poulsen
56%
19. Borussia Mönchengladbach 9 Breel Embolo
55%
37. RB Leipzig 6 Emil Forsberg
55%
15. SC Freiburg 9 Vincenzo Grifo
54%
105. RB Leipzig 3 Dani Olmo
52%
101. Arminia Bielefeld 3 Fabian Klos
51%
63. Eintracht Frankfurt 4 Filip Kostić
51%
93. Borussia Dortmund 3 Jude Bellingham
51%
6. Union Berlin 15 Taiwo Awoniyi
51%
20 FC Augsburg 9 Michael Gregoritsch
49%
215. Bayern München 1 Dayot Upamecano
48%
84. Borussia Mönchengladbach 4 Lars Stindl
48%
61. SC Freiburg 4 Nico Schlotterbeck
48%
51. SC Freiburg 5 Nils Petersen
48%
64. Borussia Dortmund 4 Thorgan Hazard
48%
26. Eintracht Frankfurt 8 Rafael Borré
47%
33. RB Leipzig 6 Dominik Szoboszlai
46%
58. Bayern München 4 Eric Maxim Choupo-Moting
46%
66. VfL Wolfsburg 4 Maximilian Arnold
46%
16. SpVgg Greuther Fürth 9 Branimir Hrgota
45%
24.. VfL Wolfsburg 8 Lukas Nmecha
44%
13. VfL Bochum 10 Sebastian Polter
43%
36. VfL Wolfsburg 6 Wout Weghorst
43%
45. Borussia Dortmund 5 Emre Can
41%
29. SC Freiburg 7 Lucas Höler
41%
79. Union Berlin 4 Sheraldo Becker
41%
12. 1. FSV Mainz 05 11 Jonathan Burkardt
40%
60. RB Leipzig 4 Konrad Laimer
40%
218. Bayern München 1 Marcel Sabitzer
40%
73. Eintracht Frankfurt 4 Daichi Kamada
39%
95. TSG 1899 Hoffenheim 3 David Raum
39%
71. Borussia Dortmund 4 Raphaël Guerreiro
39%
39. Bayer Leverkusen 6 Lucas Alario
38%
171. SC Freiburg 2 Christian Günter
37%
30. TSG 1899 Hoffenheim 7 Christoph Baumgartner
37%
43. Borussia Dortmund 5 Donyell Malen
37%
204. Borussia Mönchengladbach 1 Matthias Ginter
37%
123. Borussia Dortmund 2 Thomas Meunier
37%
162. Borussia Dortmund 2 Axel Witsel
36%
42. 1. FSV Mainz 05 5 Karim Onisiwo
34%
177. RB Leipzig 2 Willi Orbán
34%
133. RB Leipzig 2 Angeliño
33%
57. VfL Wolfsburg 5 Jonas Wind
33%
160. SC Freiburg 2 Nicolas Höfler
33%
41. VfB Stuttgart 6 Saša Kalajdžić
33%
179. Borussia Dortmund 2 Youssoufa Moukoko
33%
81. Hertha BSC 4 Davie Selke
32%
69. Borussia Mönchengladbach 4 Florian Neuhaus
32%
48. VfL Bochum 5 Gerrit Holtmann
32%
27. TSG 1899 Hoffenheim 7 Ihlas Bebou
32%
205. Bayer Leverkusen 1 Jeremie Frimpong
32%
166. Bayer Leverkusen 2 Jonathan Tah
32%
191. Bayer Leverkusen 1 Kerem Demirbay
32%
158. Borussia Dortmund 2 Mahmoud Dahoud
32%
207. Eintracht Frankfurt 1 Martin Hinteregger
32%
139. Bayern München 2 Corentin Tolisso
31%
203. VfB Stuttgart 1 Borna Sosa
30%
137. SC Freiburg 2 Ermedin Demirović
30%
50. FC Augsburg 5 Florian Niederlechner
30%
100. Borussia Dortmund 3 Steffan Tigges
30%
35. Hertha BSC 6 Stevan Jovetić
30%
86. VfB Stuttgart 4 Wataru Endo
30%
72. Eintracht Frankfurt 4 Evan N'Dicka
29%
140. Borussia Dortmund 2 Giovanni Reyna
29%
67. 1.FSV Mainz 05 4 Jae-sung Lee
29%
246. Borussia Dortmund 1 Manuel Akanji
29%
91. Borussia Dortmund 3 Marius Wolf
28%
198. Borussia Mönchengladbach 1 Stefan Lainer
28%
47. FC Augsburg 5 Andre Hahn
26%
25. Union Berlin 8 Grischa Prömel
26%
56. Hertha BSC 5 Ishak Belfodil
26%
53. Eintracht Frankfurt 5 Jesper Lindstrøm
26%
103. Bayer Leverkusen 3 Karim Bellarabi
26%
21. Arminia Bielefeld 8 Masaya Okugawa
26%
70. Bayer Leverkusen 4 Robert Andrich
26%
23. TSG 1899 Hoffenheim 8 Georginio Rutter
25%
107. Arminia Bielefeld 3 Patrick Wimmer
25%
116. VfL Wolfsburg 3 Ridle Baku
25%
192. Union Berlin 1 Timo Baumgartl
25%
183. Bayer Leverkusen 1 Charles Aránguiz
24%
134. Eintracht Frankfurt 2 Djibril Sow
24%
155. VfL Wolfsburg / Hertha BSC 2 Dodi Lukébakio
24%
178. Bayer Leverkusen 2 Exequiel Palacios
24%
54. SpVgg Greuther Fürth 5 Jaime Leweling
24%
206. RB Leipzig 1 Mohamed Simakan
24%
121. RB Leipzig 2 Joško Gvardiol
23%
49. 1. FC Köln 5 Mark Uth
23%
108. TSG 1899 Hoffenheim 3 Munas Dabbur
23%
208. Borussia Mönchengladbach 1 Nico Elvedi
23%
44. SC Freiburg 5 Philipp Lienhart
23%
78. SC Freiburg 4 Roland Sallai
23%
225. Eintracht Frankfurt 1 Sebastian Rode
23%
230. Eintracht Frankfurt / Borussia Dortmund 1 Ansgar Knauff
22%
68. 1. FC Köln 4 Florian Kainz
22%
243. RB Leipzig 1 Marcel Halstenberg
22%
141. FC Augsburg 2 Alfred Finnbogason
21%
55. Hertha BSC 5 Marco Richter
21%
38. 1. FSV Mainz 05 / Union Berlin 6 Marcus Ingvartsen
21%
189. SC Freiburg 1 Maximilan Eggestein
21%
252. Bayer Leverkusen 1 Mitchel Bakker
21%
80. Bayer Leverkusen 4 Paulinho
21%
74. Borussia Mönchengladbach 4 Ramy Bensebaini
21%
90. VfL Bochum 3 Takuma Asano
21%
253. VfL Wolfsburg 1 John Brooks
20%
59. VfB Stuttgart 4 Konstantinos Mavropanos
20%
229. Bayer Leverkusen 1 Nadiem Amiri
20%
255. FC Augsburg 1 Rubén Vargas
20%
88. 1. FC Köln 3 Sebastian Andersson
20%
83. Eintracht Frankfurt 4 Tuta
20%
92. RB Leipzig 3 Amadou Haidara
18%
175. Union Berlin 2 Christopher Trimmel
18%
222. Bayer Leverkusen 1 Edmond Tapsoba
18%
117. Eintracht Frankfurt 3 Gonçalo Paciência
18%
132. Eintracht Frankfurt 2 Jens Peter Hauge
18%
167. Union Berlin 2 Kevin Behrens
18%
127. 1. FC Köln 2 Salih Özcan
18%
118. VfL Bochum 3 Simon Zoller
18%
131. Borussia Mönchengladbach 2 Kouadio Koné
17%
193. RB Leipzig 1 Nordi Mukiele
17%
110. VfB Stuttgart / VfL Wolfsburg 3 Omar Marmoush
17%
52. SC Freiburg 5 Woo-yeong Jeong
17%
65. 1. FC Köln 4 Ellyes Skhiri
16%
256. Borussia Dortmund 1 Felix Passlack
16%
120. SC Freiburg 3 Janik Haberer
16%
259. Bayern München 1 Josip Stanišić
16%
219. Eintracht Frankfurt 1 Kristijan Jakić
16%
77. VfL Bochum 4 Miloš Pantović
16%
211. VfL Wolfsburg 1 Sebastiaan Bornauw
16%
104. Hertha BSC 3 Suat Serdar
16%
111. Union Berlin 3 Sven Michel
16%
82. VfB Stuttgart 4 Tiago Tomás
16%
195. 1. FSV Mainz 05 1 Aarón Martín
15%
97. 1. FSV Mainz 05 3 Alexander Hack
15%
62. SC Freiburg 4 Kevin Schade
15%
114. TSG 1899 Hoffenheim 3 Sebastian Rudy
15%
254. VfL Wolfsburg 1 Yannick Gerhardt
15%
247. 1. FSV Mainz 05 1 Anton Stach
14%
202. FC Augsburg 1 Arne Maier
14%
201. Hertha BSC 1 Krzysztof Piatek
14%
249. Bayer Leverkusen 1 Sardar Azmoun
14%
245. Borussia Dortmund 1 Tom Rothe
14%
153. Eintracht Frankfurt 2 Ajdin Hrustić
13%
98. Bayer Leverkusen 3 Amine Adli
13%
142. VfL Bochum 2 Anthony Losilla
13%
89. RB Leipzig 3 Benjamin Henrichs
13%
180. SpVgg Greuther Fürth 2 Jessic Ngankam
13%
96. Union Berlin 3 Niko Gießelmann
13%
113. VfB Stuttgart 3 Chris Führich
11%
144. SpVgg Greuther Fürth 2 Havard Nielsen
11%
75. TSG 1899 Hoffenheim 4 Jacob Brunn Larsen
11%
119. Arminia Bielefed 3 Janni Serra
11%
190. Borussia Mönchengladbach 1 Joe Scally
11%
242. 1. FC Köln 1 Luca Kilian
11%
168. Hertha BSC 2 Lucas Tousart
11%
163. SC Freiburg 2 Lukas Kübler
11%
224. VfL Bochum 1 Maxim Leitsch
11%
76. 1. FSV Mainz 05 4 Moussa Niakhaté
11%
212. FC Augsburg 1 Niklas Dorsch
11%
200. Bayern München 1 Tanguy Nianzou
11%
223. 1. FC Köln 1 Timo Hübers
11%
221. VfL Bochum 1 Cristian Gamboa
10%
85. FC Augsburg 4 Daniel Caliguri
10%
165. 1. FSV Mainz 05 2 Jean-Paul Boëtius
10%
99. Hertha BSC 3 Jurgen Ekkelenkamp
10%
209. VfL Wolfsburg 1 Maximilian Philipp
10%
143. 1. FC Köln 2 Ondrej Duda
10%
115. 1. FSV Mainz 05 3 Silvan Widmer
10%
231. 1. FSV Mainz 05 1 Ádám Szalai
9%
126. Union Berlin 2 Andreas Voglsammer
9%
170. TSG 1899 Hoffenheim 2 Angelo Stiller
9%
240. TSG 1899 Hoffenheim 1 Benjamin Hübner
9%
106. 1. FC Köln 3 Dejan Ljubičić
9%
149. TSG 1899 Hoffenheim 2 Dennis Geiger
9%
138. Borussia Mönchengladbach 2 Dennis Zakaria
9%
161. Union Berlin 2 Genki Haraguchi
9%
214. VfB Stuttgart 1 Hiroki Ito
9%
147. Union Berlin 2 Julian Ryerson
9%
196. 1. FSV Mainz 05 1 Kevin Stöger
9%
185. VfL Wolfsburg 1 Luca Waldschmidt
9%
128. FC Augsburg 2 Mads Pedersen
9%
94. VfB Stuttgart 3 Marc Oliver Kempf
9%
213. Hertha BSC 1 Niklas Stark
9%
184. TSG 1899 Hoffenheim 1 Pavel Kaderabek
9%
194. Bayer Leverkusen 1 Piero Hincapié
9%
228. Eintracht Frankfurt 1 Sam Lammers
9%
146. TSG 1899 Hoffenheim 2 Stefan Posch
9%
145. Hertha BSC 2 Vladimir Darida
9%
129. VfB Stuttgart 2 Waldemar Anton
9%
197. TSG 1899 Hoffenheim / Bayern München 1 Chris Richards
8%
135. TSG 1899 Hoffenheim 2 Diadie Samassekou
8%
150. FC Augsburg 2 Iago
8%
112. 1. FC Köln 3 Jan Thielmann
8%
235. 1. FSV Mainz 05 1 Jeremiah St. Juste
8%
216. VfL Wolfsburg 1 Jérôme Roussillon
8%
130. FC Augsburg 2 Reece Oxford
8%
151. VfL Wolfsburg 2 Aster Vranckx
7%
236. RB Leipzig 1 Hugo Novoa
7%
125. SpVgg Greuther Fürth 2 Jeremy Dudziak
7%
258. 1. FC Köln 1 Louis Schaub
7%
188. SpVgg Greuther Fürth 1 Marco Meyerhöfer
7%
136. VfB Stuttgart 2 Philipp Förster
7%
227. TSG 1899 Hoffenheim 1 Sargis Adamyan
7%
122. FC Augsburg 2 Andi Zeqiri
6%
148. Arminia Bielefeld 2 Bryan Lasme
6%
250. Arminia Bielefeld 1 Florian Krüger
6%
169. VfL Bochum 2 Jürgen Locadia
6%
217. 1. FC Köln 1 Kingsley Schindler
6%
251. 1. FSV Mainz 05 1 Leandro Barreiro
6%
199. Hertha BSC 1 Myziane Maolida
6%
210. SpVgg Greuther Fürth 1 Sebastian Griesbeck
6%
187. Arminia Bielefeld 1 Alessandro Schöpf
5%
186. VfL Bochum 1 Christopher Antwi-Adjei
5%
176. VfL Bochum 2 Eduard Löwen
5%
234. Arminia Bielefeld 1 Gonzalo Castro
5%
244. VfB Stuttgart 1 Orel Mangala
5%
232. 1. FSV Mainz 05 1 Anderson Lucoqui
3%
174. FC Augsburg 2 Jeffrey Gouweleeuw
3%
248. SpVgg Greuther Fürth 1 Jetro Willems
3%
173. Arminia Bielefeld 2 Joakim Nilsson
3%
233. Hertha BSC 1 Linus Gechter
3%
237. VfL Bochum 1 Soma Novothny
3%
159. 1. FC Köln 2 Tim Lemperle
3%
156. SpVgg Greuther Fürth 2 Cedric Itten
2%
157. VfL Bochum 2 Danny Blum
2%
241. 1. FSV Mainz 05 1 Delano Burgzorg
2%
154. VfB Stuttgart 2 Roberto Massimo
2%
182. SpVgg Greuther Fürth 1 Timothy Tillman
2%
238. VfB Stuttgart 1 Wahid Faghir
2%
257. Union Berlin 1 András Schäfer
1%
124. VfB Stuttgart 2 Hamadi Al Ghaddioui
1%
152. Arminia Bielefeld 2 Jacob Barrett Laursen
1%
164. TSG 1899 Hoffenheim 2 Kevin Akpougma
1%
226. FC Augsburg 1 Noah Joel Sarenren Bazee
1%
239. VfB Stuttgart 1 Philipp Klement
1%
No matching quizzes found
Score Distribution
Percent of People with Each Score
Percentile by Number Answered
Your Score History
You have not taken this quiz since the last reset